[Event "Curitiba-ch 3rd (IRT)"]
[Site "Curitiba"]
[Date "2011.04.03"]
[Round "4"]
[White "Tomaz, Tainan Pantano"]
[Black "Grellmann, Fabricio Stadler"]
[Result "1/2-1/2"]
[WhiteElo "2186"]
[BlackElo "2094"]
[PlyCount "77"]
[EventDate "2011.04.01"]
[EventType "swiss"]
[EventRounds "6"]
[EventCountry "BRA"]
[SourceTitle "EXT 2022"]
[Source "ChessBase"]
[SourceDate "2021.10.06"]
[SourceVersion "1"]
[SourceVersionDate "2021.10.06"]
[SourceQuality "1"]

1. e4 c5 2. Nc3 g6 3. Nge2 Nc6 4. g3 Bg7 5. Bg2 e5 6. d3 Nge7 7. Be3 d6 8. Qd2 0-0 9. Bh6 Nd4 10. Bxg7 Kxg7 11. 0-0 Nec6 12. Nxd4 Nxd4 13. Ne2 Bg4 14. Nxd4 cxd4 15. c4 dxc3 16. bxc3 Qa5 17. Qb2 Rac8 18. c4 Rc7 19. f4 Qb6+ 20. Qxb6 axb6 21. Rf2 Ra8 22. f5 gxf5 23. h3 Bh5 24. exf5 f6 25. Rb2 Ra3 26. Rb3 Rxb3 27. axb3 Be8 28. Ra7 Bd7 29. g4 Bc8 30. Kf2 h5 31. Bf3 Kh6 32. Ke3 Kg5 33. Ra4 hxg4 34. hxg4 Bd7 35. Ra8 Rc8 36. Rxc8 Bxc8 37. b4 b5 38. cxb5 b6 39. d4 1/2-1/2

[Event "Curitiba-ch 3rd (IRT)"]
[Site "Curitiba"]
[Date "2011.04.02"]
[Round "3"]
[White "Dos Santos, Haroldo Cunha Jr"]
[Black "Tomaz, Tainan Pantano"]
[Result "1-0"]
[WhiteElo "2209"]
[BlackElo "2186"]
[PlyCount "63"]
[EventDate "2011.04.01"]
[EventType "swiss"]
[EventRounds "6"]
[EventCountry "BRA"]
[SourceTitle "EXT 2022"]
[Source "ChessBase"]
[SourceDate "2021.10.06"]
[SourceVersion "1"]
[SourceVersionDate "2021.10.06"]
[SourceQuality "1"]

1. d4 Nf6 2. Nf3 g6 3. Bf4 Bg7 4. e3 b6 5. Nbd2 c5 6. c3 0-0 7. Bd3 Ba6 8. Qe2 Bxd3 9. Qxd3 d6 10. a4 Nbd7 11. h3 Re8 12. Bh2 a6 13. 0-0 b5 14. Rfd1 Qb6 15. e4 c4 16. Qe2 Qb7 17. e5 Nd5 18. e6 fxe6 19. Qxe6+ Kh8 20. Ng5 Bf6 21. Nde4 bxa4 22. Qf7 Bxg5 23. Nxg5 N7f6 24. Ne6 Rg8 25. Bxd6 Qxb2 26. Bxe7 Ne4 27. Bf8 Raxf8 28. Nxf8 Ndf6 29. Rf1 Qxc3 30. Ne6 Ne8 31. Rxa4 N8d6 32. Qf4 1-0

[Event "Curitiba-ch 3rd (IRT)"]
[Site "Curitiba"]
[Date "2011.04.02"]
[Round "2"]
[White "Tomaz, Tainan Pantano"]
[Black "Calcado, Acyr Rogerio"]
[Result "1-0"]
[WhiteElo "2186"]
[BlackElo "1796"]
[PlyCount "49"]
[EventDate "2011.04.01"]
[EventType "swiss"]
[EventRounds "6"]
[EventCountry "BRA"]
[SourceTitle "EXT 2022"]
[Source "ChessBase"]
[SourceDate "2021.10.06"]
[SourceVersion "1"]
[SourceVersionDate "2021.10.06"]
[SourceQuality "1"]

1. e4 d5 2. exd5 Nf6 3. c4 c6 4. d4 cxd5 5. Nc3 Nc6 6. Bg5 dxc4 7. d5 Ne5 8. Qd4 Qc7 9. Bf4 Nfd7 10. 0-0-0 g5 11. Nb5 Qb8 12. d6 gxf4 13. Nc7+ Kd8 14. dxe7+ Bxe7 15. Nxa8 f6 16. Nh3 Qxa8 17. Nxf4 Ke8 18. Be2 b5 19. Bh5+ Ng6 20. Nd5 Qc6 21. Rhe1 Nde5 22. Rxe5 fxe5 23. Qxe5 Kf8 24. Bxg6 Qxg6 25. Qxe7+ 1-0